00519nam a2200157Ia 4500008004100000041000800041082001500049100002000064245003600084250001400120260004000134300003200174365000900206999001700215952012900232240624s9999 xx 000 0 und d aeng a658.15 JOR aJORION PHILIPPE aFINANCIAL RISK MANAGER HANDBOOK a(4th ed.) c2007aNew YorkbJohn Wiley and Sons axxii, : 713 : p. : cm. ; 27 cb30 c10765d10765 00104070aIMTNbIMTNcRack 23-Ad2008-10-06eIBHg170.00n1595o658.15 JORp10765r2024-06-24 00:00:00t48w2024-06-24yBK